000 00281nam a2200109Ia 4500
008 200302s9999 xx 000 0 und d
100 _aDavid A. Pierce
245 _aSaving Dollars in Building Schools
260 _bReinhold Publishing Corporation
260 _c1959
300 _a112 P.,
999 _c421
_d421